Návrh na zdokonalenie systému odmeňovania výrobných zamestnancov vo väzbe na udržateľnú výkonnosť v podniku HoReCup, a.s.

Saved in:
Bibliographic Details
Main Author: Vendleková, Klaudia (Author)
Other Authors: Mrvová, Ľubica (Thesis advisor)
Format: Manuscript Book
Language:Slovak
Published: 2017
Subjects:
Online Access:http://is.stuba.sk/zp/portal_zp.pl?podrobnosti=126777
Tags: Add Tag
No Tags, Be the first to tag this record!

MARC

LEADER 00000ntm a22000003a 4500
001 stuzp62461
003 SK-STU
005 20170603210401.1
007 ta
008 150427s2015----xo-----f-mn---000-0-slo-d
040 |a STU  |b slo 
041 0 |a slo 
100 1 |a Vendleková, Klaudia  |u 064000  |k Z4  |4 aut  |U MTF Materiálovotechnologická fakulta  |T MTF Ústav priemyselného inžinierstva a manažmentu  |X 39676  |U M4000  |Y 84  |7 39676 
242 0 1 |a Proposal to improve the system of rewarding of manufacturing employees in relation to the sustainable performance in company HoReCup, a.s.  |y eng 
245 1 0 |a Návrh na zdokonalenie systému odmeňovania výrobných zamestnancov vo väzbe na udržateľnú výkonnosť v podniku HoReCup, a.s. 
260 |c 2017 
650 4 |a systém odmeňovania  |2 slo 
650 4 |a mzda  |2 slo 
650 4 |a výkonnosť  |2 slo 
650 4 |a BSC  |2 slo 
650 4 |a wage  |2 eng 
650 4 |a Remuneration system  |2 eng 
650 4 |a performance  |2 eng 
650 4 |a BSC  |2 eng 
700 1 |a Mrvová, Ľubica  |u 064000  |k Z1  |4 ths  |U MTF Materiálovotechnologická fakulta  |T MTF Ústav priemyselného inžinierstva a manažmentu  |X 1484  |U M4000  |Y 84  |7 A000001484 
856 4 |u http://is.stuba.sk/zp/portal_zp.pl?podrobnosti=126777 
996 |c M* DP-13298  |l MMSKP  |s P  |a 0  |w stuzp62461_0001